| 000 | 00637 a2200169 4500 | ||
|---|---|---|---|
| 003 | Nust | ||
| 005 | 20230119104303.0 | ||
| 040 | _cNust | ||
| 082 | _a694,DUR | ||
| 100 |
_aWalter E. Durbahn _9107049 |
||
| 245 |
_aFundamentals of Carpentry Vol.2 : _bpractical construction / _cWalter E. Durbahn |
||
| 250 | _a4th ed | ||
| 260 |
_aLondon _bAmercian technology society _c1972 |
||
| 300 | _a504 | ||
| 505 | _aPreparing for the Job (Page-1), Leveling Instruments (Page-26), Foundation Formwork (Page-50), Wall and Floor Framing (Page-105), Roof Framing (Page-223), Exterior Finish (Page-333), Interior Finish (Page-407). | ||
| 942 |
_2ddc _cBK |
||
| 999 |
_c185206 _d185206 |
||